| 000 | 01198 a2200205 4500 | ||
|---|---|---|---|
| 003 | NUST | ||
| 005 | 20221215140943.0 | ||
| 010 | _a40019739 | ||
| 040 | _cNust | ||
| 082 | _a325.3,MUI | ||
| 100 |
_aMuir, Ramsay, _9104975 |
||
| 245 |
_aA short history of the British commonwealth / _cRamsay Muir, |
||
| 250 | _a6th ed. | ||
| 260 |
_aG. Philip & son, ltd.; _bLondon, _c1937 |
||
| 300 |
_axvi, 938 p.: _billus _c19 cm |
||
| 505 | _aBook-VII: The Disruption of the Commonwealth and the Birth of New Force and Ideas (A.D.1760-1793)(Page-3), Book VIII: Revolution and War : The Growth of the Second Empire (A.D.1789-1815) (Page-147),Book-IX: National and Imperial Reconstruction and the Triumph of industrialism (A.D.1815-1852) (Page-297), Book-X: The Era of British Complacency and the Adolescence of the Daughter Nation (A.D. 1852-1880) (Page-471), Book XI:The Age of Imperialism and the Rivalry of World Powers (A.D.1880-1904) (Page-601), Book XII: The Ordeal of the Commonwealth (A.D. 19058-1933) (Page-737), Short History of British Commonwealth (Page-798). | ||
| 600 |
_aMuir, Ramsay, _9104975 |
||
| 650 |
_aA short history of the British commonwealth _9104976 |
||
| 942 |
_cBK _2ddc _k325.3,MUI |
||
| 999 |
_c184190 _d184190 |
||